00626nam a2200217Ia 4500003000400000005001700004008004100021020001500062040001800077041000800095082002100103100001700124245004200141250001200183260004600195300002800241650003300269650003700302650003100339700003800370OSt20240802094652.0210716s1994 xx 000 0 und d a0964256606 cAIMIT LIBRARY aeng a374.22 21bSMIG aSmith, Gene. aElvis's man friday /cBy Gene Smith. a1st ed. aU S A :bLight of day publishing ,c1994. axv,292p. ;bHBc24.5 cm aDouble dates and double talk aThe maestro with the master plan aRailroaded and dog tagged aNazareth, Peter.eIntroduction by